"Infancia". Gráfica reciente de Louise Bourgeois (Record no. 1691)

MARC details
000 -LEADER
campo de control de longitud fija 00536nam a22001457a 4500
008 - DATOS DE LONGITUD FIJA--INFORMACIÓN GENERAL
campo de control de longitud fija 181130b xxu||||| |||| 00| 0 eng d
020 ## - NÚMERO INTERNACIONAL ESTÁNDAR DEL LIBRO
Número Internacional Estándar del Libro 9968899135
082 ## - NÚMERO DE LA CLASIFICACIÓN DECIMAL DEWEY
Número de clasificación 708
Número de ítem B772i
100 ## - ENTRADA PRINCIPAL--NOMBRE DE PERSONA
Nombre de persona Herkenhoff, Paulo et all.
9 (RLIN) 6830
245 ## - MENCIÓN DEL TÍTULO
Título "Infancia". Gráfica reciente de Louise Bourgeois
260 ## - PUBLICACIÓN, DISTRIBUCIÓN, ETC.
Lugar de publicación, distribución, etc. San José, Costa Rica
Nombre del editor, distribuidor, etc. TEOR/éTica
Fecha de publicación, distribución, etc. 2003
300 ## - DESCRIPCIÓN FÍSICA
Extensión 59 p.
Otras características físicas ill (col).
Dimensiones 21.5 x 20 cm
650 ## - PUNTO DE ACCESO ADICIONAL DE MATERIA--TÉRMINO DE MATERIA
Fuente del encabezamiento o término Arte contemporáneo
Subdivisión de forma Arte - exhibiciones
Subdivisión general Bourgeois, Louis - artista
-- Arte - grabado
9 (RLIN) 6831
700 ## - ENTRADA AGREGADA--NOMBRE PERSONAL
Nombre de persona Herkenhoff, Paulo (curador)
9 (RLIN) 6832
Holdings
Estatus retirado Estado de pérdida Fuente del sistema de clasificación o colocación Estado de daño No para préstamo Biblioteca de origen Biblioteca actual Ubicación en estantería Fecha de adquisición Total de préstamos Signatura topográfica completa Código de barras Visto por última vez Precio de reemplazo Tipo de ítem Koha
    Clasificación Decimal Dewey     Biblioteca LadoV Biblioteca LadoV   30/11/2018   708 B772i 002054 30/11/2018 30/11/2018 Material 01
    Clasificación Decimal Dewey     Biblioteca LadoV Biblioteca LadoV   16/01/2019   708 B772i 002265 16/01/2019 16/01/2019 Material 01